000 00327nam a22001337a 4500
008 181011b xxu||||| |||| 00| 0 eng d
020 _a9780070305632
041 _aeng
080 _23 rd
_a62 HOR
100 _a26
101 _aENG
245 _aThe master handbook of Ic Circuit applications
_cHorn.D.T
942 _2udc
_cBK
999 _c49351
_d49351